000 00938nam a2200253Ia 4500
001 16414
003 GE_BSU
008 181216s||||||||xx |||||||||||||| ||und||
020 _a978-0132859295
040 _cGE_BSU
080 _a624.012.4
100 _aAghayere, Abi O, George F. Limbrunner
245 _aReinforced Concrete Design
250 _aEIGHTH Edition
260 _aBoston
260 _bPEARSON
260 _c2014
300 _a312 pages,ill,28cm
541 _h432gel.
653 _aReinforced Concrete Design Eighth Edition integrates current research and literature to give readers a modern understanding of the strength and behavior of reinforced concrete members and simple reinforced concrete structural systems. It takes a fundamental, non-calculus, practice-oriented approach
653 _aმშენებლობა
653 _aრკინაბეტონის დიზაინი
942 _cBK
999 _c49490
_d49490